000
00231nam a22000857a 4500
008
160714b xxu||||| |||| 00| 0 eng d
100
_9
2857
_a
Alberty, H.B
245
_a
Reorganizing the High Curriculam
260
_a
New elhi
_b
Light
_c
1962
999
_c
2432
_d
2432